Statistics for Top 100 Historical Figures according to Pantheon

Click here to take the quiz!

General Stats

  • This quiz has been taken 62 times
  • The average score is 65 of 100

Answer Stats

RankHistorical FigureOccupationBirth/DeathCountry% Correct
3.Jesus ChristReligious Figure4 BC-33 ADIsrael
100%
1.MuhammadReligious Figure570-632Saudi Arabia
96%
14.Adolf HitlerPolitician1889-1945Austria
94%
4.Genghis KhanMilitary Personnel1162-1227Mongolia
94%
2.Isaac NewtonPhysicist1643-1726United Kingdom
94%
5.Leonardo da VinciInventor1452-1519Italy
94%
8.Ludwig van BeethovenComposer1770-1827Germany
94%
16.
Christopher Columbus
Explorer1451-1506Italy
92%
19.Julius CaesarPolitician100 BC-44 BCItaly
92%
57.Muhammad AliBoxer1942-2016United States
92%
12.NapoleonPolitician1769-1821France
92%
13.SocratesPhilosopher470 BC-399 BCGreece
92%
15.Wolfgang Amadeus MozartComposer1756-1791Austria
92%
11.Galileo GalileiAstronomer1564-1642Italy
90%
20.Johann Sebastian BachComposer1685-1750Germany
90%
32.MichelangeloPainter1475-1564Italy
90%
7.PlatoPhilosopher427 BC-347 BCGreece
90%
100.Winston ChurchillPolitician1874-1965United Kingdom
90%
17.Albert EinsteinPhysicist1879-1955Germany
88%
10.Alexander the GreatMilitary Personnel356 BC-323 BCGreece
88%
48.CleopatraPolitician69 BC-30 BCEgypt
88%
37.Joseph StalinPolitician1879-1953Georgia
88%
70.Mahatma GandhiSocial Activist1869-1948India
88%
49.Vladimir LeninPolitician1870-1924Russia
88%
21.Martin LutherReligious Figure1483-1546Germany
86%
6.AristotlePhilosopher384 BC-321 BCGreece
84%
36.William ShakespeareWriter1564-1616United Kingdom
84%
42.Charles DarwinBiologist1809-1882United Kingdom
82%
23.ConfuciusPhilosopher551 BC-479 BCChina
82%
40.Marie CuriePhysicist1867-1934Poland
82%
62.Pablo PicassoPainter1881-1973Spain
82%
31.Karl MarxEconomist1818-1883Germany
80%
9.Marco PoloExplorer1254-1324Italy
80%
72.Nelson MandelaSocial Activist1918-2013South Africa
80%
45.Queen Elizabeth IINobleman1926-2022United Kingdom
80%
47.Vincent van GoghPainter1853-1890Netherlands
78%
38.Gautama BuddhaPhilosopher566 BC-452 BCNepal
76%
26.Nicolaus CopernicusAstronomer1473-1543Poland
76%
51.Thomas JeffersonPolitician1743-1826United States
76%
27.Adam SmithEconomist1723-1790United Kingdom
74%
28.HomerWriter800 BC-750 BCGreece
74%
61.Johannes GutenbergInventor1394-1468Germany
74%
18.MosesReligious Figure1393 BC-1273 BCEgypt
74%
76.RembrandtPainter1606-1669Netherlands
74%
54.Sigmund FreudPsychologist1856-1939Czechia
74%
34.Thomas EdisonInventor1847-1931United States
74%
46.Vasco da GamaExplorer1460-1524Portugal
74%
65.Vladimir PutinPolitician1952-Russia
74%
25.Ferdinand MagellanExplorer1480-1521Portugal
72%
41.Nikola TeslaInventor1856-1943Croatia
72%
53.AugustusPolitician63 BC-14 ADItaly
68%
43.Che GuevaraSocial Activist1928-1967Argentina
66%
55.Joan of ArcMilitary Personnel1412-1431France
66%
52.Pope FrancisReligious Figure1936-Argentina
66%
22.AbrahamReligious Figure1813 BC-1638 BCIraq
64%
60.Paul the ApostleReligious Figure5-66Turkey
64%
78.Saint PeterReligious Figure1 BC-67 ADIsrael
64%
59.CharlemagnePolitician748-814Germany
62%
68.RaphaelPainter1483-1520Italy
62%
81.DavidPolitician1010 BC-970 BCIsrael
60%
85.John the BaptistReligious Figure20 BC-31 ADIsrael
60%
30.Louis XIV of FrancePolitician1638-1715France
58%
35.René DescartesPhilosopher1596-1650France
58%
24.ArchimedesMathematician287 BC-212 BCItaly
56%
64.Frédéric ChopinComposer1810-1849Poland
56%
82.Friedrich NietzschePhilosopher1844-1900Germany
56%
69.Fyodor DostoevskyWriter1821-1881Russia
56%
71.SolomonReligious Figure1011 BC-931 BCIsrael
56%
39.Immanuel KantPhilosopher1724-1804Russia
54%
33.Mary, mother of JesusReligious Figure18 BC-100 ADIsrael
52%
29.PythagorasPhilosopher570 BC-495 BCGreece
52%
92.VoltaireWriter1694-1778France
52%
75.Antonio VivaldiComposer1678-1741Italy
50%
90.Louis PasteurChemist1822-1895France
50%
84.Hans Christian AndersenWriter1805-1875Denmark
46%
93.Jimmy CarterPolitician1924-United States
46%
97.Johannes KeplerAstronomer1571-1630Germany
46%
66.Johann Wolfgang von GoetheWriter1749-1832Germany
46%
77.Niccolò MachiavelliPhilosopher1469-1527Italy
46%
58.HerodotusHistorian484 BC-425 BCTurkey
44%
74.John LockePhilosopher1632-1704United Kingdom
44%
63.Mustafa Kemal AtatürkPolitician1881-1938Greece
44%
50.Jean-Jacques RousseauPhilosopher1712-1778Switzerland
42%
88.Francis BaconPhilosopher1561-1626United Kingdom
40%
79.HippocratesPhysician460 BC-370 BCGreece
40%
99.Freddie MercuryMusician1946-1991Tanzania
38%
91.Alfred NobelChemist1833-1896Sweden
36%
89.Elizabeth I of EnglandPolitician1533-1603United Kingdom
36%
67.Blaise PascalMathematician1623-1662France
34%
86.TimurMilitary Personnel1336-1405Uzbekistan
34%
73.Suleiman the MagnificentPolitician1494-1566Turkey
32%
87.SaladinPolitician1138-1193Iraq
30%
94.Augustine of HippoPhilosopher354-430Algeria
28%
95.Carl LinnaeusBiologist1707-1778Sweden
28%
80.J.R.R. TolkienWriter1892-1973South Africa
28%
56.AvicennaPhilosopher980-1037Uzbekistan
22%
98.Thomas AquinasPhilosopher1225-1274Italy
22%
83.Carl Friedrich GaussMathematician1777-1855Germany
20%
44.Dante AlghieriWriter1265-1321Italy
12%
96.Thales of MiletusPhilosopher623 BC-546 BCTurkey
6%

Score Distribution

Percentile by Number Answered

Percent of People with Each Score

Your Score History

You have not taken this quiz